000 00401cam a22001577a 4500
008 180718b1958 xxu||||| |||| 00| 0 eng d
082 _aB131 M919/58
100 _aMumford, Lewis
245 _aCulture of cities
_cby Lewis Mumford
250 _a3rd ed.
260 _aLondon
_bSecker & Warburg
_c1958
300 _a586p.
500 _a50/-
650 _aCities and Towns
650 _aSociologu, Urban
999 _c374446
_d374446